000 00802nam a2200217 i 4500
001 133885
003 ES-MaACL
005 20230906194543.0
007 t|
008 070903s1953 sp ||||1| spa d
100 1 _aWright, Samson.
_9117422
245 1 0 _aFisiología aplicada
_b: (patología funcional) /
_cpor Samson Wright ; con la colaboración de Montague Maizels y John B. Jepson ; traducida de la inglesa por J. González-Campo de Cos.
260 _aBarcelona :
_bManuel Marín,
_c[1953]
300 _aXV, 1008 p. :
_bil. ;
_c25 cm.
650 4 _aFisiología humana.
_912890
700 1 _aMaizels, Montague.
_975637
700 1 _aJepson, John B.
_966323
700 1 _aGonzález-Campo de Cos, José.
_958488
852 _aES-MaACL
_jC-8628
_bR.36895
852 _aES-MaACL
_jE-2347
_bR.35256
999 _c133885
_d133885